000 04573nam a22005177a 4500
005 20120118121543.0
010 _aB-476865-886
020 _a9788179933527
_c620.00 (set of 4 books) 155.00 each
020 _a9788179933091
035 _aB-476865-886
037 _adpl
_bBlue Berry/Ven
082 _a534
100 _aGhosh, Rupak
_952380
245 _aSound
_cby Rupak Ghosh, edited by Anupama Jauhry
260 _aNew Delhi:
_bThe Energy and Resource Institute , TERI Press,
_c2011.
270 _aDarbari Seth Block, Lodhi Road
_bNew Delhi
_e110003
_k24682100
300 _a29 p.
_bill, photos (col)
_c26 cm (Hb)
490 _aGreen science genius
_952381
500 _aIncludes glossary
650 _aSound
_952382
700 _aJauhry, Anupama
_939432
942 _2ddc
_cCH
_mGHO
_h534
999 _c61082
_d61082